Statystyki dla System ubezpieczeń w Polsce

Kliknij tutaj aby rozwiązać quiz!

Ogólne statystyki

  • Ten quiz został rozwiązany 3 razy
  • Średni wynik to 14 z 67

Statystyki odpowiedzi

ZagadnienieOdpowiedź% Poprawnych
Ustawowa klasyfikacja ubezpieczen wyroznia sie na dwa dzialy ubezpieczen jakie:Ubezpieczenia na zycie oraz ubezpieczenia osobowe i majatkowe
100%
Czy jedną z podstaw prawnych do egzaminów na agentów ubezpieczeniowych jest:Ustawa z 22 maja 2003r. z działalności ubezpieczeniowej
100%
Jakie jest jedno z głównych postanowien ustawy o dzialalnosci ubezpieczeniowejzaklad ubezpieczen moze dzialac w formie spolki akcyjnej lub towarzystwa ubezpieczen
100%
Zakład ubezpieczeniowy jest zobowiązany do wypłaty odszkodowania w terminie30 dni liczac od dnia zlozenia przez poszkodowanego zawiadomienia
50%
Która z gospodarczych funkcji nie wpływa na finanse publiczne:Budżetowa
50%
W jakich okolicznosciach agent moze podzielic sie prowizja z Klientemnigdy
50%
Zakład ubezpieczeń może finansować ryzykoObie odpowiedzi są prawidłowe
50%
Uczciwosc i starnosc oraz przestrzeganie przepisow i ustalonych zwyczajow w prowadzeniu dzialalnosci zawodowej spoczywa na:Obie odpowiedzi sa prawidlowe
50%
Ubezpieczenia odgrywają również ważna rolę w dziedzinie prewencji czyli działalnosci zapobiegawczej, która ma na celuOchrone majątku narowodowego, jak równiez wlasnosci grupowej, indywidualnej i zdrowia i zycia ludzi
50%
Zobowiazanie do przestrzegania zasad etyki zawodowej agenta ubezpieczeniowego powstaje z chwilaPodpisania umowy agencyjnej
50%
Jaka jest społeczna funkcja ubezpieczeńPrzeciwdziałanie ubożeniu społeczeństwa w wyniku zdarzeń losowych (np. Śmierci członka rodziny, choroby)
50%
Transfer ryzyka polega na:Przeniesienie ryzyka na inny podmiot
50%
Interesy Ubezpieczonych zabezpiecza miedzy innymi:Rzecznik Ubezpieczonych
50%
Czy Ubezpieczający jest:Strona umowy ubezpieczenia, osobą fizyczna, prawna lub jednostka organizacyjna nie posiadajaca osobowosci prawnej która zobowiązuje się do uiszczenia składki ubezpieczeniowej
50%
W ubezpieczeniu majatkowym stosuje sie dwa podstawowe systemy okreslania wysokosci odszkodowaniaSystem proporcjonalnej odpowiedzialnosci oraz ubezpieczenie na pierwsze ryzyko
50%
W ubezpieczeniu na pierwsze ryzyko odszkodowanie równe jest:Szkodzie rzeczywistej bez względu na to, czy wartosc ubezpieczeniowa w momencie wypadku losowego jest wyzsza, rowna, czy tez nizsza od sumy ubezpieczenia
50%
Czy można zawrzeć kilka umów ubezpieczenia na zycietak mozna
50%
Czy strona umowy ubezpieczenia jest:Ubezpieczający
50%
Do umów na podstawie których dochodzi do transferu ryzyka należy:Umowa ubezpieczenia
50%
Ubezpieczenie na pierwsze ryzyko polega na tym, że ubezpieczający ustalając sume ubezpieczenia kieruje się:Wartością maksymalnej straty, którą możę ponieść na skutek jednego zdarzenia losowego, niezależnie od całkowitej wartości posiadanego mienia
50%
Pośrednictwo ubezpieczeniowe polega na:Wykonywaniu czynności związanych z zawieraniem umów lub wykonywaniem umow ubezpieczenia
50%
Bank panstwowy reprezentowany jest na zewnatrz przez:wylacznie przez prezesa zarzadu
50%
Czy skutkiem nadubezpieczenia bedzieWypłacone odszkodowanie nie wyższe od poniesionej szkody
50%
Podstawowym obowiązjkiem ubezpieczyciela z umowy ubezpieczenia jest:Wypłata świadczenia
50%
Czy pojęcie underwriting to:Analiza ryzyka
0%
Na ile działow dzielą się ubezpieczenia w Polsce:dwa
0%
W przypadku zarzadu wielosobowego w spolce akcyjnej, w braku jakichkolwiek uregulowan w jej statucie do reprezentowania spolki uprawniony jest:dwoch czlonkow zarzadu albo jeden czlonek zarzadu lacznie z prokurentem
0%
W załączniku do ustawy z dnia 22 maja 2003 r. o działalnosci ubezpiecznia na zycie zawarte sądziale I
0%
Ubezpieczenia wypadku w tym wypadku przy pracy i choroby zawodowe kwalifikuje się do:Działu II
0%
Umowa ubezpieczenia obowiązkowego określa sume gwarancyjna stanowiacaGórna granice odpowiedzialnosci zakladu ubezpieczen
0%
Czy potocznie okreslany "Agent Wyłączny" moze dzialac na rzecz:Jednego zakladu ubezpieczen
0%
Inormacje o Klienta i zawartych umowach ubezpieczenia zaklad ubezpieczen:Jest zobowiązany starannie zabezpieczyc
0%
Dzialalnosc agencyjna powinna byc wykonywana z zachowaniem starannosci okreslonej w art. 355.7Kodeksu cywilnego
0%
Czy franszyza redukcyjna (bezwarunkowa) to:Minimalna wartość szkody, od której TU ponosi odpowiedzialność
0%
Czy agent ma prawo zapewnic klienta towarzystwa, ze umowa ubezpieczenia zostanie zawarta?nie
0%
Krytykowanie konkurencji jest:niedopuszczalne
0%
Spory agentów podczas rozmowy z klientem są:niedopuszczalne
0%
Czy ryzyko ubezpieczeniowe to:Niepewność dotycząca zajścia jakiegoś zjawiska
0%
Oświadczenie woli dotknięte pozornością jest:Nieważne
0%
Niedoubezpieczenie występuje kiedy suma ubezpieczenia jest:niższa od faktycznej wartości ubezpieczonego przedmiotu
0%
Czy ryzyko można ograniczyć przezObie odpowiedzi są prawidłowe
0%
Pełnomocnictwo do wykonania czynnosci agencyjncych w imieniu zakladu ubezpieczen zostaje udzielone Agentowi ubezpieczeniowemu w formie:Pisemnej pod rygorem niewaznosci
0%
Nad przestrzeganiem zasad uczciwej konkurencji i zasad etyki w dzialalnosci ubezpieczeniowej w Polsce czuwaPIU
0%
Ubezpieczenie casco pojazdow ladowych dzial II grupa 3 dotyczypojazdow szynowych
0%
Agent Ubezpieczeniowy oraz osoba wykonująca czynności agencyjne są zobowiązani do:Powstrzymania się od stosowania jakichkolwiek nieetycznych metod konkurencji zawodowej podczas wykonywania swojej pracy
0%
Osobami prawnymi są:Skarb państwa i jednostki organizacyjne, którym przepisy szczególnie przyznają osobowość prawną
0%
Co określamy terminem "strata bezpośrednia"?Strata w ubezpieczeniu majątkowym, którą może ponieść ubezpieczony
0%
Czy w szkodzie o charakterze majątkowymSzkodę można dokładnie oszacować, w związku z tym mówimy o wypłacie odszkodowania
0%
Czy za naruszenia zasad etyki zawodowej agenta ubezpieczeniowego towrzystwo moze rozwiazac umowe agencyjnatak
0%
Czy Agent jest zobowiązany poinformowac klienta o ograniczeniach odpowiedzialnosci towarzystwa:tak
0%
Co oznacza pojęcie "zdarzenie ubezpieczeniowe"To zdarzenie losowe które jest objęte ochroną ubezpieczeniową. Jeśli wystąpi to ubezpieczyciel jest zobowiązany wypłacić określone w umowie świadczenie
0%
Zgodnie z ustawa z 22 maja 2003r. o posrednicrwie ubezpieczeniowym czynnosci zwiazane z zawieraniem umow ubezpieczenia realizowane sa wylacznieU Agentów ubezpieczeniowych i brokreów ubezpieczeniowych
0%
Jak klasyfikuje się ubezpieczenia na podstawie ustawy z dnia 22 maja 2003r?Ubezpieczenia majatkowe i zyciowe
0%
W dziale I ubezpieczeń znajdują się:Ubezpieczenia OC oraz AC pojazdow mechanicznych
0%
Agent ubezpieczeniowy wykonujący czynności agencyjne na rzecz wiecej niz jednego zakladu ubezpieczeń tzw. Multiagnet podlega obowiązkowi posiadania:Ubezpieczenia odpowiedzialnosci cywilnej
0%
Ochronę ubezpieczeniową ustanawia się na podstawie umowy zawartej pomiedzyUbezpieczycielem a ubezpieczajacym
0%
Zasada swobody umów pozwala stronom zawierajacym umowe na:Uksztaltowanie umowy wedlug wlasnego uznania, o ile jej tresc lub cel nie pozostaje w sprzecznosci z natura stosunku, ustawami i zasadami wspolzycia spolecznego
0%
Z nadubezpieczeniem mamy doczynienia gdy:Ustalona suma ubezpieczenia przewyższa ekonomiczne skutki zdarzenia ubezpieczeniowego
0%
Co rozumiemy pod pojęciem suma ubezpieczeniaUstanowiona w umowie ubezpieczenia kwota pieniezna stanowiaca gorna granice odpowiedzialnosci Ubezpieczyciela
0%
Agent ubezpieczeniowy wykonuje czynnosciW imieniu i narzecz zakladu ubezpieczen, na podstawie umowy agencyjnej, ktora zawarł z zakladem ubezpieczeniowym
0%
Zdolność prawną mają:Wszystkie osoby fizyczne i prawne
0%
W przypadku zarzadu wieloosobowego sposob reprezentowania spolki z . o.o. okreslony jest:w umowie spolki
0%
W ubezpieczeniach na zycie suma ubezpieczenia okreslaWysokość świadczenia naleznego w razie wystapienia zdarzenia ubezpieczeniowego np. zgonu i stanowi górną...
0%
Powodztwo o roszczenia wynikajace z umow ubezpieczenia mozna wytoczyc albo wedlug przepisow o wlasciwosci ogolnej albo przez sad wlasciwy dla miejscazamieszkania lub siedziby Ubezpieczajacego, Uposazonego lub uprawnionego z umowy ubezpieczenia
0%
Zasad proporcji ma zastosowanie:Zarówno w przypadku zaniżenia przez Ubezpieczającego wartości pojedyńczego środka trwałego jak i łącznej wartośći danego rodzaju mienia znajdującego się w miejscu ubezpieczenia
0%
Przy ubezpieczeniu majątkowym ubezpieczyciel zobowiązuję się do wypłacenia określonego odszkodowania za:za szkodę powstałąwskutek przewidzianego w umowie wypadku
0%
Składki ubezpieczeniowe i rezerwy techniczno-ubezpieczeniowe ustala się na podstawieZgromadzonych danych technicznych
0%

Rozkład punktacji

Percentyl według liczby udzielonych odpowiedzi

Procent ludzi z każdym wynikiem

Twoja historia wyników

Nie rozwiązałeś tego quizu